[Event "British Rapidplay Championship 2023"]
[Site "Mercure Bradford, Bankfield Hotel"]
[Date "2023.04.15"]
[Round "5.24"]
[White "McKay, Jonathan"]
[Black "Convalle, Pietro"]
[Result "1-0"]
[TimeControl "All moves in 15 minutes plus 10 second increment per move from move 1"]
[WhiteElo "1796"]
[BlackElo "1481"]

1. e4 {[%clk 00:15:19]} {[%emt 00:00:01]} c5 {[%clk 00:15:19]} {[%emt
00:00:01]} 2. Nf3 {[%clk 00:15:26]} {[%emt 00:00:02]} a6 {[%clk 00:15:28]}
{[%emt 00:00:01]} 3. c3 {[%clk 00:15:29]} {[%emt 00:00:07]} g6 {[%clk
00:15:33]} {[%emt 00:00:05]} 4. d4 {[%clk 00:15:35]} {[%emt 00:00:04]} cxd4
{[%clk 00:15:39]} {[%emt 00:00:04]} 5. cxd4 {[%clk 00:15:44]} {[%emt 00:00:02]}
Bg7 {[%clk 00:15:41]} {[%emt 00:00:08]} 6. Nc3 {[%clk 00:15:45]} {[%emt
00:00:09]} Nc6 {[%clk 00:15:12]} {[%emt 00:00:38]} 7. Bc4 {[%clk 00:15:07]}
{[%emt 00:00:46]} b5 {[%clk 00:15:19]} {[%emt 00:00:05]} 8. Bb3 {[%clk
00:15:10]} {[%emt 00:00:06]} e6 {[%clk 00:13:02]} {[%emt 00:02:27]} 9. O-O
{[%clk 00:13:57]} {[%emt 00:01:24]} Nge7 {[%clk 00:09:41]} {[%emt 00:03:31]} 10.
d5 {[%clk 00:13:53]} {[%emt 00:00:14]} Na5 {[%clk 00:07:25]} {[%emt 00:02:26]}
11. Bc2 {[%clk 00:12:34]} {[%emt 00:01:28]} e5 {[%clk 00:06:44]} {[%emt
00:00:53]} 12. b4 {[%clk 00:11:25]} {[%emt 00:01:17]} Nc4 {[%clk 00:05:40]}
{[%emt 00:01:16]} 13. a4 {[%clk 00:10:17]} {[%emt 00:01:17]} Rb8 {[%clk
00:05:04]} {[%emt 00:00:47]} 14. axb5 {[%clk 00:10:09]} {[%emt 00:00:18]} axb5
{[%clk 00:05:03]} {[%emt 00:00:12]} 15. Bd3 {[%clk 00:08:04]} {[%emt 00:02:14]}
d6 {[%clk 00:04:45]} {[%emt 00:00:28]} 16. Qe2 {[%clk 00:07:32]} {[%emt
00:00:40]} Qc7 {[%clk 00:03:59]} {[%emt 00:00:58]} 17. Nd2 {[%clk 00:05:59]}
{[%emt 00:01:41]} Ne3 {[%clk 00:02:58]} {[%emt 00:01:13]} 18. Qxe3 {[%clk
00:06:02]} {[%emt 00:00:06]} Qxc3 {[%clk 00:03:05]} {[%emt 00:00:04]} 19. Bxb5+
{[%clk 00:05:59]} {[%emt 00:00:11]} Kf8 {[%clk 00:02:43]} {[%emt 00:00:35]} 20.
Qxc3 {[%clk 00:06:05]} {[%emt 00:00:03]} Rxb5 {[%clk 00:02:50]} {[%emt
00:00:04]} 21. Ra8 {[%clk 00:06:03]} {[%emt 00:00:10]} f6 {[%clk 00:02:48]}
{[%emt 00:00:14]} 22. Rxc8+ {[%clk 00:06:06]} {[%emt 00:00:06]} Nxc8 {[%clk
00:02:56]} {[%emt 00:00:02]} 23. Qxc8+ {[%clk 00:06:14]} {[%emt 00:00:02]} Kf7
{[%clk 00:03:05]} {[%emt 00:00:01]} 24. Qd7+ {[%clk 00:06:23]} {[%emt
00:00:01]} Kg8 {[%clk 00:03:12]} {[%emt 00:00:03]} 25. Qxb5 {[%clk 00:06:23]}
{[%emt 00:00:09]} Bf8 {[%clk 00:03:20]} {[%emt 00:00:02]} 26. Qd7 {[%clk
00:06:28]} {[%emt 00:00:04]} h5 {[%clk 00:03:27]} {[%emt 00:00:04]} 27. b5
{[%clk 00:06:35]} {[%emt 00:00:02]} Rh7 {[%clk 00:03:35]} {[%emt 00:00:02]} 28.
Qe6+ {[%clk 00:06:42]} {[%emt 00:00:02]} Kh8 {[%clk 00:03:41]} {[%emt
00:00:04]} 29. b6 {[%clk 00:06:48]} {[%emt 00:00:05]} 1-0

[Event "British Rapidplay Championship 2023"]
[Site "Mercure Bradford, Bankfield Hotel"]
[Date "2023.04.15"]
[Round "5.25"]
[White "Donahue, Randolph E"]
[Black "Cradock, Samir"]
[Result "1-0"]
[TimeControl "All moves in 15 minutes plus 10 second increment per move from move 1"]
[WhiteElo "1722"]
[BlackElo "1530"]

1. e4 {[%clk 00:15:18]} {[%emt 00:00:01]} e5 {[%clk 00:15:19]} {[%emt
00:00:02]} 2. Bc4 {[%clk 00:15:27]} {[%emt 00:00:01]} Nc6 {[%clk 00:15:26]}
{[%emt 00:00:03]} 3. Nf3 {[%clk 00:15:35]} {[%emt 00:00:02]} Bc5 {[%clk
00:15:33]} {[%emt 00:00:02]} 4. O-O {[%clk 00:15:29]} {[%emt 00:00:16]} d6
{[%clk 00:15:42]} {[%emt 00:00:02]} 5. c3 {[%clk 00:14:39]} {[%emt 00:00:59]}
Nf6 {[%clk 00:15:43]} {[%emt 00:00:09]} 6. d4 {[%clk 00:14:46]} {[%emt
00:00:04]} exd4 {[%clk 00:15:38]} {[%emt 00:00:15]} 7. cxd4 {[%clk 00:14:54]}
{[%emt 00:00:02]} Bb6 {[%clk 00:15:28]} {[%emt 00:00:20]} 8. h3 {[%clk
00:13:59]} {[%emt 00:01:04]} h6 {[%clk 00:14:50]} {[%emt 00:00:48]} 9. Nc3
{[%clk 00:13:55]} {[%emt 00:00:14]} a6 {[%clk 00:14:50]} {[%emt 00:00:11]} 10.
Re1 {[%clk 00:13:07]} {[%emt 00:00:58]} O-O {[%clk 00:14:57]} {[%emt 00:00:02]}
11. Bf4 {[%clk 00:13:01]} {[%emt 00:00:16]} Ba5 {[%clk 00:11:45]} {[%emt
00:03:22]} 12. a3 {[%clk 00:12:52]} {[%emt 00:00:20]} b5 {[%clk 00:11:38]}
{[%emt 00:00:17]} 13. Bb3 {[%clk 00:12:19]} {[%emt 00:00:42]} Bb7 {[%clk
00:10:19]} {[%emt 00:01:29]} 14. Qc2 {[%clk 00:08:10]} {[%emt 00:04:19]} Re8
{[%clk 00:09:17]} {[%emt 00:01:12]} 15. Rad1 {[%clk 00:08:11]} {[%emt
00:00:09]} Ne7 {[%clk 00:06:44]} {[%emt 00:02:43]} 16. e5 {[%clk 00:08:04]}
{[%emt 00:00:17]} Nh7 {[%clk 00:06:33]} {[%emt 00:00:21]} 17. Bxf7+ {[%clk
00:07:23]} {[%emt 00:00:51]} Kxf7 {[%clk 00:06:30]} {[%emt 00:00:14]} 18. Qxh7
{[%clk 00:07:29]} {[%emt 00:00:02]} Bxf3 {[%clk 00:05:52]} {[%emt 00:00:49]} 19.
e6+ {[%clk 00:07:06]} {[%emt 00:00:33]} Kf6 {[%clk 00:04:22]} {[%emt 00:01:40]}
20. gxf3 {[%clk 00:07:09]} {[%emt 00:00:07]} d5 {[%clk 00:04:24]} {[%emt
00:00:09]} 21. Be5+ {[%clk 00:07:01]} {[%emt 00:00:17]} Kg5 {[%clk 00:03:54]}
{[%emt 00:00:41]} 22. Bxg7 {[%clk 00:06:17]} {[%emt 00:00:53]} Ng8 {[%clk
00:03:30]} {[%emt 00:00:34]} 23. Re5+ {[%clk 00:04:43]} {[%emt 00:01:44]} Kh4
{[%clk 00:02:30]} {[%emt 00:01:10]} 24. Qg6 {[%clk 00:03:41]} {[%emt 00:01:11]}
1-0

[Event "British Rapidplay Championship 2023"]
[Site "Mercure Bradford, Bankfield Hotel"]
[Date "2023.04.15"]
[Round "5.26"]
[White "Wainwright, Charlie"]
[Black "Harker, Peter"]
[Result "1/2-1/2"]
[TimeControl "All moves in 15 minutes plus 10 second increment per move from move 1"]
[WhiteElo "1329"]
[BlackElo "1481"]

1. d4 {[%clk 00:15:18]} {[%emt 00:00:01]} d5 {[%clk 00:15:19]} {[%emt
00:00:01]} 2. Bf4 {[%clk 00:15:23]} {[%emt 00:00:04]} Nf6 {[%clk 00:15:28]}
{[%emt 00:00:02]} 3. Nf3 {[%clk 00:15:22]} {[%emt 00:00:11]} c6 {[%clk
00:15:35]} {[%emt 00:00:03]} 4. e3 {[%clk 00:15:25]} {[%emt 00:00:08]} Qb6
{[%clk 00:15:42]} {[%emt 00:00:03]} 5. b3 {[%clk 00:15:14]} {[%emt 00:00:21]}
Nh5 {[%clk 00:15:50]} {[%emt 00:00:01]} 6. Bxb8 {[%clk 00:14:41]} {[%emt
00:00:43]} Rxb8 {[%clk 00:15:57]} {[%emt 00:00:03]} 7. c4 {[%clk 00:14:30]}
{[%emt 00:00:21]} Bg4 {[%clk 00:15:22]} {[%emt 00:00:45]} 8. Be2 {[%clk
00:14:23]} {[%emt 00:00:16]} e6 {[%clk 00:15:11]} {[%emt 00:00:22]} 9. c5
{[%clk 00:13:58]} {[%emt 00:00:34]} Qc7 {[%clk 00:15:09]} {[%emt 00:00:12]} 10.
h3 {[%clk 00:13:53]} {[%emt 00:00:15]} Bxf3 {[%clk 00:15:16]} {[%emt 00:00:04]}
11. Bxf3 {[%clk 00:14:01]} {[%emt 00:00:02]} Nf6 {[%clk 00:15:25]} {[%emt
00:00:02]} 12. Nc3 {[%clk 00:13:39]} {[%emt 00:00:32]} b6 {[%clk 00:15:20]}
{[%emt 00:00:15]} 13. b4 {[%clk 00:13:42]} {[%emt 00:00:07]} bxc5 {[%clk
00:15:12]} {[%emt 00:00:18]} 14. bxc5 {[%clk 00:13:41]} {[%emt 00:00:10]} Be7
{[%clk 00:14:58]} {[%emt 00:00:24]} 15. a4 {[%clk 00:13:36]} {[%emt 00:00:16]}
O-O {[%clk 00:14:25]} {[%emt 00:00:42]} 16. O-O {[%clk 00:13:26]} {[%emt
00:00:20]} e5 {[%clk 00:13:49]} {[%emt 00:00:45]} 17. Re1 {[%clk 00:12:55]}
{[%emt 00:00:41]} e4 {[%clk 00:13:33]} {[%emt 00:00:27]} 18. Be2 {[%clk
00:12:51]} {[%emt 00:00:13]} Rb2 {[%clk 00:11:57]} {[%emt 00:01:46]} 19. Qc1
{[%clk 00:11:45]} {[%emt 00:01:16]} Rfb8 {[%clk 00:12:04]} {[%emt 00:00:02]} 20.
Rb1 {[%clk 00:11:44]} {[%emt 00:00:11]} Rxb1 {[%clk 00:11:29]} {[%emt
00:00:45]} 21. Nxb1 {[%clk 00:11:47]} {[%emt 00:00:07]} Qa5 {[%clk 00:11:22]}
{[%emt 00:00:18]} 22. Nd2 {[%clk 00:10:01]} {[%emt 00:01:55]} Qxa4 {[%clk
00:10:04]} {[%emt 00:01:28]} 23. Qa1 {[%clk 00:10:08]} {[%emt 00:00:03]} Qxa1
{[%clk 00:10:06]} {[%emt 00:00:09]} 24. Rxa1 {[%clk 00:10:16]} {[%emt
00:00:02]} Ra8 {[%clk 00:08:43]} {[%emt 00:01:34]} 25. Ba6 {[%clk 00:10:05]}
{[%emt 00:00:21]} Rb8 {[%clk 00:07:51]} {[%emt 00:01:01]} 26. Nf1 {[%clk
00:09:24]} {[%emt 00:00:51]} Bd8 {[%clk 00:07:19]} {[%emt 00:00:43]} 27. Be2
{[%clk 00:09:24]} {[%emt 00:00:09]} a5 {[%clk 00:07:17]} {[%emt 00:00:13]} 28.
Bd1 {[%clk 00:09:23]} {[%emt 00:00:10]} Ne8 {[%clk 00:07:24]} {[%emt 00:00:02]}
29. Bc2 {[%clk 00:09:30]} {[%emt 00:00:03]} Nc7 {[%clk 00:07:31]} {[%emt
00:00:02]} 30. Ba4 {[%clk 00:09:33]} {[%emt 00:00:09]} Nb5 {[%clk 00:07:31]}
{[%emt 00:00:11]} 31. Ng3 {[%clk 00:09:01]} {[%emt 00:00:41]} g6 {[%clk
00:07:18]} {[%emt 00:00:23]} 32. Ne2 {[%clk 00:08:55]} {[%emt 00:00:16]} f5
{[%clk 00:06:47]} {[%emt 00:00:41]} 33. g3 {[%clk 00:08:42]} {[%emt 00:00:24]}
g5 {[%clk 00:06:13]} {[%emt 00:00:44]} 34. Kf1 {[%clk 00:08:40]} {[%emt
00:00:11]} Rb7 {[%clk 00:05:28]} {[%emt 00:00:55]} 35. Ke1 {[%clk 00:08:39]}
{[%emt 00:00:11]} Kg7 {[%clk 00:05:08]} {[%emt 00:00:30]} 36. Kd2 {[%clk
00:08:38]} {[%emt 00:00:11]} Kg6 {[%clk 00:04:42]} {[%emt 00:00:36]} 37. Ra2
{[%clk 00:08:19]} {[%emt 00:00:29]} Na7 {[%clk 00:03:29]} {[%emt 00:01:24]} 38.
Nc3 {[%clk 00:08:08]} {[%emt 00:00:20]} Rb4 {[%clk 00:02:51]} {[%emt 00:00:47]}
39. Ne2 {[%clk 00:07:10]} {[%emt 00:01:07]} Bc7 {[%clk 00:02:55]} {[%emt
00:00:08]} 40. Nc1 {[%clk 00:07:15]} {[%emt 00:00:04]} f4 {[%clk 00:03:00]}
{[%emt 00:00:06]} 41. Ne2 {[%clk 00:06:12]} {[%emt 00:01:13]} fxg3 {[%clk
00:02:42]} {[%emt 00:00:28]} 42. fxg3 {[%clk 00:05:54]} {[%emt 00:00:27]} Nb5
{[%clk 00:02:49]} {[%emt 00:00:03]} 43. Nc3 {[%clk 00:05:47]} {[%emt 00:00:18]}
Nxc3 {[%clk 00:02:56]} {[%emt 00:00:04]} 44. Kxc3 {[%clk 00:05:54]} {[%emt
00:00:02]} Bxg3 {[%clk 00:03:02]} {[%emt 00:00:04]} 45. Bxc6 {[%clk 00:05:58]}
{[%emt 00:00:07]} Bc7 {[%clk 00:03:06]} {[%emt 00:00:05]} 46. Bxd5 {[%clk
00:06:03]} {[%emt 00:00:05]} Kf5 {[%clk 00:03:12]} {[%emt 00:00:05]} 47. Rf2+
{[%clk 00:05:47]} {[%emt 00:00:25]} Kg6 {[%clk 00:03:20]} {[%emt 00:00:02]} 48.
Bxe4+ {[%clk 00:05:55]} {[%emt 00:00:02]} Kh5 {[%clk 00:03:29]} {[%emt
00:00:01]} 49. Bxh7 {[%clk 00:05:57]} {[%emt 00:00:07]} Rb1 {[%clk 00:03:30]}
{[%emt 00:00:10]} 50. Ra2 {[%clk 00:05:46]} {[%emt 00:00:21]} Rh1 {[%clk
00:03:34]} {[%emt 00:00:06]} 51. Bf5 {[%clk 00:05:55]} {[%emt 00:00:02]} Re1
{[%clk 00:03:41]} {[%emt 00:00:03]} 52. Kd2 {[%clk 00:06:01]} {[%emt 00:00:04]}
Rg1 {[%clk 00:03:48]} {[%emt 00:00:02]} 53. Kd3 {[%clk 00:05:54]} {[%emt
00:00:17]} Rf1 {[%clk 00:03:51]} {[%emt 00:00:07]} 54. Bg4+ {[%clk 00:05:56]}
{[%emt 00:00:08]} Kg6 {[%clk 00:04:00]} {[%emt 00:00:02]} 55. e4 {[%clk
00:05:47]} {[%emt 00:00:18]} Rb1 {[%clk 00:04:00]} {[%emt 00:00:08]} 56. e5
{[%clk 00:05:23]} {[%emt 00:00:36]} Rb3+ {[%clk 00:04:08]} {[%emt 00:00:02]} 57.
Ke4 {[%clk 00:05:28]} {[%emt 00:00:05]} Kf7 {[%clk 00:04:09]} {[%emt 00:00:09]}
58. d5 {[%clk 00:04:40]} {[%emt 00:00:58]} Rb4+ {[%clk 00:04:15]} {[%emt
00:00:05]} 59. Kf5 {[%clk 00:04:49]} {[%emt 00:00:01]} Rf4+ {[%emt 00:00:01]}
60. Kxg5 {[%emt 00:00:12]} Bxe5 {[%clk 00:04:09]} {[%emt 00:00:03]} 61. Rxa5
{[%clk 00:04:42]} {[%emt 00:00:17]} Rd4 {[%clk 00:04:15]} {[%emt 00:00:04]} 62.
c6 {[%clk 00:04:39]} {[%emt 00:00:13]} Bf6+ {[%clk 00:04:23]} {[%emt 00:00:02]}
63. Kf5 {[%clk 00:04:41]} {[%emt 00:00:07]} Rd2 {[%clk 00:04:25]} {[%emt
00:00:08]} 64. c7 {[%clk 00:04:24]} {[%emt 00:00:28]} Rf2+ {[%clk 00:04:24]}
{[%emt 00:00:11]} 65. Ke4 {[%clk 00:04:25]} {[%emt 00:00:09]} Rc2 {[%clk
00:04:30]} {[%emt 00:00:03]} 66. Ra7 {[%clk 00:04:31]} {[%emt 00:00:03]} Rc4+
{[%clk 00:04:35]} {[%emt 00:00:05]} 67. Kf3 {[%clk 00:04:34]} {[%emt 00:00:07]}
Rc3+ {[%clk 00:04:44]} {[%emt 00:00:02]} 68. Kg2 {[%clk 00:04:13]} {[%emt
00:00:31]} Rc2+ {[%clk 00:04:53]} 69. Kf1 {[%clk 00:04:14]} {[%emt 00:00:08]}
Rc1+ {[%clk 00:05:00]} {[%emt 00:00:03]} 70. Kf2 {[%clk 00:04:21]} {[%emt
00:00:03]} Bd4+ {[%clk 00:05:09]} {[%emt 00:00:01]} 71. Ke2 {[%clk 00:04:18]}
{[%emt 00:00:12]} Bxa7 {[%clk 00:05:17]} {[%emt 00:00:01]} 72. c8=Q {[%clk
00:04:09]} {[%emt 00:00:19]} Rxc8 {[%clk 00:05:33]} {[%emt 00:00:05]} 73. Bxc8
{[%clk 00:04:27]} {[%emt 00:00:01]} Ke7 {[%clk 00:05:41]} {[%emt 00:00:01]} 74.
Kd3 {[%clk 00:04:31]} {[%emt 00:00:07]} Kd6 {[%clk 00:05:50]} 75. Be6 {[%clk
00:04:39]} {[%emt 00:00:02]} Bf2 {[%clk 00:05:57]} {[%emt 00:00:03]} 76. Ke2
{[%clk 00:04:46]} {[%emt 00:00:03]} Bh4 {[%clk 00:06:06]} 77. Kf3 {[%clk
00:04:55]} Ke5 {[%clk 00:05:59]} {[%emt 00:00:17]} 78. Kg4 {[%clk 00:04:59]}
{[%emt 00:00:05]} Bf6 {[%clk 00:06:06]} {[%emt 00:00:03]} 79. h4 {[%clk
00:05:07]} {[%emt 00:00:02]} Bg7 {[%clk 00:06:05]} {[%emt 00:00:11]} 80. Kg5
{[%clk 00:05:12]} {[%emt 00:00:05]} Bf6 {[%clk 00:06:07]} {[%emt 00:00:09]} 81.
Kh5 {[%clk 00:05:19]} {[%emt 00:00:03]} Kf4 {[%clk 00:06:08]} {[%emt 00:00:09]}
82. Bf7 {[%clk 00:04:39]} {[%emt 00:00:50]} Ke5 {[%clk 00:06:09]} {[%emt
00:00:08]} 83. Kg4 {[%clk 00:04:41]} {[%emt 00:00:07]} Bg7 {[%clk 00:06:05]}
{[%emt 00:00:14]} 84. h5 {[%clk 00:04:46]} {[%emt 00:00:06]} Kf6 {[%clk
00:06:14]} 85. Kh4 {[%clk 00:04:14]} {[%emt 00:00:42]} Bh6 {[%clk 00:06:23]}
{[%emt 00:00:02]} 86. Kg4 {[%clk 00:04:18]} {[%emt 00:00:06]} Kxf7 {[%clk
00:06:25]} {[%emt 00:00:07]} 87. Kf5 {[%clk 00:04:22]} {[%emt 00:00:06]} Ke7
{[%clk 00:06:32]} {[%emt 00:00:03]} 88. Kg6 {[%clk 00:04:29]} {[%emt 00:00:04]}
Bf8 {[%clk 00:06:39]} {[%emt 00:00:02]} 89. h6 {[%clk 00:04:33]} {[%emt
00:00:07]} Bxh6 {[%clk 00:06:46]} {[%emt 00:00:02]} 90. Kxh6 {[%clk 00:04:42]}
{[%emt 00:00:01]} Kd6 {[%clk 00:06:44]} 1/2-1/2

[Event "British Rapidplay Championship 2023"]
[Site "Mercure Bradford, Bankfield Hotel"]
[Date "2023.04.15"]
[Round "5.28"]
[White "Kryshtafor, Maksym"]
[Black "Jones, Simon"]
[Result "1-0"]
[TimeControl "All moves in 15 minutes plus 10 second increment per move from move 1"]
[WhiteElo "1667"]
[BlackElo "1336"]

1. e4 {[%clk 00:15:18]} {[%emt 00:00:01]} c6 {[%clk 00:15:15]} {[%emt
00:00:05]} 2. Nf3 {[%clk 00:15:24]} {[%emt 00:00:04]} d5 {[%clk 00:15:20]}
{[%emt 00:00:05]} 3. Nc3 {[%clk 00:15:30]} {[%emt 00:00:04]} Bg4 {[%clk
00:14:57]} {[%emt 00:00:32]} 4. d4 {[%clk 00:15:34]} {[%emt 00:00:06]} dxe4
{[%clk 00:14:26]} {[%emt 00:00:41]} 5. Nxe4 {[%clk 00:15:37]} {[%emt 00:00:08]}
Bxf3 {[%clk 00:13:08]} {[%emt 00:01:27]} 6. Qxf3 {[%clk 00:15:35]} {[%emt
00:00:13]} Qxd4 {[%clk 00:13:08]} {[%emt 00:00:10]} 7. c3 {[%clk 00:15:36]}
{[%emt 00:00:09]} Qb6 {[%clk 00:12:10]} {[%emt 00:01:08]} 8. Bc4 {[%clk
00:15:03]} {[%emt 00:00:43]} Nf6 {[%clk 00:08:47]} {[%emt 00:03:32]} 9. O-O
{[%clk 00:14:34]} {[%emt 00:00:40]} e6 {[%clk 00:08:34]} {[%emt 00:00:22]} 10.
Nxf6+ {[%clk 00:14:37]} {[%emt 00:00:08]} gxf6 {[%clk 00:08:35]} {[%emt
00:00:08]} 11. Qxf6 {[%clk 00:14:44]} {[%emt 00:00:04]} Rg8 {[%clk 00:07:30]}
{[%emt 00:01:15]} 12. Rd1 {[%clk 00:14:30]} {[%emt 00:00:24]} c5 {[%clk
00:04:37]} {[%emt 00:03:03]} 13. Bg5 {[%clk 00:14:00]} {[%emt 00:00:39]} Rxg5
{[%clk 00:04:11]} {[%emt 00:00:36]} 14. Qxg5 {[%clk 00:13:59]} {[%emt
00:00:11]} Nd7 {[%clk 00:03:13]} {[%emt 00:01:09]} 15. a4 {[%clk 00:00:00]}
{[%emt 00:01:19]} Qd8 {[%clk 00:02:29]} {[%emt 00:01:46]} 16. Qe3 {[%clk
00:13:49]} {[%emt 00:00:37]} Qb6 {[%clk 00:01:57]} {[%emt 00:00:42]} 17. a5
{[%clk 00:13:52]} {[%emt 00:00:07]} Be7 {[%clk 00:01:21]} {[%emt 00:00:42]} 18.
axb6 {[%clk 00:13:55]} {[%emt 00:00:11]} Nxb6 {[%clk 00:01:28]} {[%emt
00:00:03]} 19. Bb5+ {[%clk 00:13:57]} {[%emt 00:00:08]} Kf8 {[%clk 00:01:22]}
{[%emt 00:00:16]} 20. Qh6+ {[%clk 00:14:00]} {[%emt 00:00:07]} Kg8 {[%clk
00:01:23]} {[%emt 00:00:08]} 21. Rd3 {[%clk 00:14:06]} {[%emt 00:00:05]} Kh8
{[%clk 00:01:18]} {[%emt 00:00:15]} 22. Rh3 {[%clk 00:14:10]} {[%emt 00:00:06]}
1-0

[Event "British Rapidplay Championship 2023"]
[Site "Mercure Bradford, Bankfield Hotel"]
[Date "2023.04.15"]
[Round "5.30"]
[White "Redmond, Nigel"]
[Black "Galloway, Peter"]
[Result "1-0"]
[TimeControl "All moves in 15 minutes plus 10 second increment per move from move 1"]
[WhiteElo "1656"]
[BlackElo "1324"]

1. e4 {[%clk 00:15:15]} {[%emt 00:00:04]} c5 {[%clk 00:15:18]} {[%emt
00:00:03]} 2. Nc3 {[%clk 00:15:17]} {[%emt 00:00:07]} d6 {[%clk 00:15:24]}
{[%emt 00:00:05]} 3. f4 {[%clk 00:15:20]} {[%emt 00:00:06]} e6 {[%clk
00:15:23]} {[%emt 00:00:12]} 4. Nf3 {[%clk 00:15:24]} {[%emt 00:00:05]} Nf6
{[%clk 00:15:14]} {[%emt 00:00:20]} 5. Bc4 {[%clk 00:15:25]} {[%emt 00:00:08]}
Be7 {[%clk 00:14:22]} {[%emt 00:01:03]} 6. d3 {[%clk 00:15:28]} {[%emt
00:00:06]} O-O {[%clk 00:14:13]} {[%emt 00:00:20]} 7. O-O {[%clk 00:15:33]}
{[%emt 00:00:04]} a6 {[%clk 00:14:12]} {[%emt 00:00:12]} 8. a3 {[%clk
00:14:29]} {[%emt 00:01:12]} b5 {[%clk 00:14:16]} {[%emt 00:00:07]} 9. Ba2
{[%clk 00:14:33]} {[%emt 00:00:05]} Bb7 {[%clk 00:14:21]} {[%emt 00:00:06]} 10.
Qe1 {[%clk 00:14:16]} {[%emt 00:00:26]} Nc6 {[%clk 00:13:45]} {[%emt 00:00:47]}
11. Qg3 {[%clk 00:14:13]} {[%emt 00:00:12]} Nd4 {[%clk 00:13:15]} {[%emt
00:00:41]} 12. Nxd4 {[%clk 00:13:46]} {[%emt 00:00:36]} cxd4 {[%clk 00:13:22]}
{[%emt 00:00:04]} 13. Ne2 {[%clk 00:13:45]} {[%emt 00:00:10]} Qb6 {[%clk
00:12:58]} {[%emt 00:00:34]} 14. Kh1 {[%clk 00:12:52]} {[%emt 00:01:02]} Rac8
{[%clk 00:11:31]} {[%emt 00:01:38]} 15. c3 {[%clk 00:12:43]} {[%emt 00:00:18]}
dxc3 {[%clk 00:11:20]} {[%emt 00:00:23]} 16. Nxc3 {[%clk 00:11:49]} {[%emt
00:01:03]} Rfd8 {[%clk 00:10:16]} {[%emt 00:01:15]} 17. Be3 {[%clk 00:11:42]}
{[%emt 00:00:15]} Qc7 {[%clk 00:10:09]} {[%emt 00:00:19]} 18. Rac1 {[%clk
00:11:36]} {[%emt 00:00:15]} Qd7 {[%clk 00:09:54]} {[%emt 00:00:26]} 19. f5
{[%clk 00:10:44]} {[%emt 00:01:02]} e5 {[%clk 00:09:32]} {[%emt 00:00:33]} 20.
Bh6 {[%clk 00:09:12]} {[%emt 00:01:41]} Bf8 {[%clk 00:09:24]} {[%emt 00:00:18]}
21. Be3 {[%clk 00:07:31]} {[%emt 00:01:51]} Kh8 {[%clk 00:07:25]} {[%emt
00:02:10]} 22. Qh3 {[%clk 00:06:50]} {[%emt 00:00:50]} Kg8 {[%clk 00:06:40]}
{[%emt 00:00:56]} 23. g4 {[%clk 00:06:49]} {[%emt 00:00:10]} d5 {[%clk
00:05:17]} {[%emt 00:01:34]} 24. g5 {[%clk 00:04:57]} {[%emt 00:02:00]} Ne8
{[%clk 00:02:47]} {[%emt 00:02:41]} 25. Nxd5 {[%clk 00:04:19]} {[%emt
00:00:48]} Rxc1 {[%clk 00:02:04]} {[%emt 00:00:53]} 26. Rxc1 {[%clk 00:04:21]}
Bxd5 {[%clk 00:01:55]} {[%emt 00:00:27]} 27. Bxd5 {[%clk 00:04:23]} {[%emt
00:00:08]} Nc7 {[%clk 00:01:26]} {[%emt 00:00:40]} 28. Bb6 {[%clk 00:03:15]}
{[%emt 00:01:17]} Bd6 {[%clk 00:01:13]} {[%emt 00:00:23]} 29. Qh5 {[%clk
00:01:59]} {[%emt 00:01:25]} Rf8 {[%clk 00:01:14]} {[%emt 00:00:11]} 30. Bxc7
{[%clk 00:01:30]} {[%emt 00:00:38]} Bxc7 {[%clk 00:01:21]} {[%emt 00:00:03]} 31.
g6 {[%clk 00:01:29]} {[%emt 00:00:11]} h6 {[%clk 00:01:02]} {[%emt 00:00:29]}
32. gxf7+ {[%clk 00:01:05]} {[%emt 00:00:33]} Kh8 {[%clk 00:01:07]} {[%emt
00:00:06]} 33. Qg6 {[%clk 00:00:47]} {[%emt 00:00:27]} a5 {[%clk 00:00:28]}
{[%emt 00:00:51]} 34. Rg1 {[%clk 00:00:48]} {[%emt 00:00:07]} 1-0